000 01407nam a2200361Ia 4500
001 ebr10581594
003 CaPaEBR
006 m u
007 cr cn|||||||||
008 070226s2007 enka sbf 001 0 eng d
010 _z 2007008317
020 _z9780191574894
020 _z9780198568667 (alk. paper)
040 _aCaPaEBR
_cCaPaEBR
035 _a(OCoLC)801404392
050 1 4 _aRJ370
_b.E39 2007eb
082 0 4 _a618.92/0025
_222
245 0 0 _aEmergencies in paediatrics and neonatology
_h[electronic resource] /
_cedited by Stuart Crisp and Jo Rainbow.
260 _aOxford ;
_aNew York :
_bOxford University Press,
_c2007.
300 _axxviii, 537 p. :
_bill.
490 1 _aEmergencies
504 _aIncludes bibliographical references and index.
533 _aElectronic reproduction.
_bPalo Alto, Calif. :
_cebrary,
_d2011.
_nAvailable via World Wide Web.
_nAccess may be limited to ebrary affiliated libraries.
650 0 _aPediatric emergencies
_vHandbooks, manuals, etc.
650 0 _aNeonatology
_vHandbooks, manuals, etc.
655 7 _aElectronic books.
_2local
700 1 _aCrisp, Stuart.
700 1 _aRainbow, Jo.
710 2 _aebrary, Inc.
830 0 _aOxford medical publications.
830 0 _aEmergencies in-- series.
856 4 0 _uhttp://site.ebrary.com/lib/rucke/Doc?id=10581594
_zAn electronic book accessible through the World Wide Web; click to view
999 _c187088
_d187088